000 00242nam a2200109Ia 4500
999 _c9303
_d9303
020 _a0717220257
100 _aLexicon Publications
245 0 _aLexicon Universal Encyclopedia
260 _aUSA
_bLexicon
_c2002
300 _a1256
942 _cBK